100 Biggest Cities in Northern Ireland on a Map - Statistics

General Stats
  • This quiz has been taken 6 times
  • The average score is 49 of 100
Answers on the Map
Answers color-coded by a green-red scale on the quiz's map according to % correct below.
 
Answer Stats
Population Answer % Correct
84,884 Derry
100%
16,438 Armagh
80%
31,308 Ballymena
80%
6,335 Ballynahinch
80%
64,122 Bangor
80%
450,386 Belfast
80%
27,886 Carrickfergus
80%
24,560 Coleraine
80%
1,683 Crossmaglen
80%
11,541 Downpatrick
80%
14,120 Enniskillen
80%
51,447 Lisburn
80%
4,222 Maghera
80%
9,647 Magherafelt
80%
8,293 Newcastle
80%
28,026 Newry
80%
20,353 Omagh
80%
6,050 Portrush
80%
25,464 Antrim
60%
1,761 Ardglass
60%
5,628 Ballycastle
60%
17,248 Banbridge
60%
7,017 Carryduff
60%
2,822 Castlewellan
60%
6,323 Coalisland
60%
72,721 Craigavon
60%
2,010 Crossgar
60%
5,340 Crumlin
60%
1,538 Dundrum
60%
16,361 Dungannon
60%
6,632 Kilkeel
60%
2,785 Killyleagh
60%
18,794 Larne
60%
2,489 Rathfriland
60%
2,617 Rostrevor
60%
3,578 Saintfield
60%
13,456 Strabane
60%
1,541 Templepatrick
60%
8,821 Warrenpoint
60%
3,529 Ahoghill
40%
2,037 Annalong
40%
1,479 Ballycarry
40%
10,848 Ballyclare
40%
3,083 Ballygowan
40%
2,004 Ballykelly
40%
2,008 Ballywalter
40%
3,004 Bessbrook
40%
3,067 Broughshane
40%
2,345 Castledawson
40%
2,963 Castlederg
40%
9,512 Comber
40%
12,549 Cookstown
40%
2,614 Cullybackey
40%
1,404 Doagh
40%
2,250 Dollingstown
40%
7,320 Donaghadee
40%
1,977 Donaghcloney
40%
6,492 Dromore
40%
1,957 Gilford
40%
2,384 Glenavy
40%
6,383 Greenisland
40%
1,547 Helen's Bay
40%
1,755 Hilltown
40%
10,735 Holywood
40%
2,320 Irvinestown
40%
3,327 Keady
40%
2,113 Kells/Connor
40%
11,697 Limavady
40%
3,006 Lisnaskea
40%
2,943 Maghaberry
40%
2,036 Magheralin
40%
1,906 Markethill
40%
2,553 Millisle
40%
1,633 Milltown
40%
4,879 Moira
40%
2,141 Moneymore
40%
1,535 Moneyreagh
40%
1,941 Moy
40%
29,591 Newtownards
40%
1,414 Newtownstewart
40%
2,372 Portaferry
40%
2,269 Portavogie
40%
7,698 Portstewart
40%
5,156 Randalstown
40%
2,738 Richhill
40%
1,970 Sion Mills
40%
3,543 Tandragee
40%
3,787 Waringstown
40%
3,537 Whitehead
40%
10,903 Ballymoney
20%
3,655 Culmore
20%
1,848 Draperstown
20%
3,346 Dungiven
20%
3,550 Eglinton
20%
1,418 Greysteel
20%
1,676 Kilrea
20%
2,829 Newbuildings
20%
2,605 Strathfoyle
20%
1,457 Carnlough
0%
4,160 Hillsborough and Culcavy
0%
No matching quizzes found
Score Distribution
Percent of People with Each Score
Percentile by Number Answered
Your Score History
You have not taken this quiz